[Event "Ciocaltea Memorial"]
[Site "Bucharest"]
[Date "2000.03.08"]
[Round "5"]
[White "Vukovic, Zdravko"]
[Black "Rogozenco, Dorian"]
[Result "0-1"]
[WhiteElo "2475"]
[BlackElo "2562"]
[Annotator "Rogozenco,D"]
[PlyCount "78"]
[EventDate "2000.03.13"]
[EventType "tourn"]
[EventRounds "13"]
[EventCountry "ROU"]
[EventCategory "10"]
[SourceTitle "CBM 077"]
[Source "ChessBase"]
[SourceDate "2000.07.27"]
[SourceVersion "1"]
[SourceVersionDate "2000.07.27"]
[SourceQuality "1"]

1. e4 c5 2. Nf3 Nc6 3. d4 cxd4 4. Nxd4 Nf6 5. Nc3 e5 6. Ndb5 d6 7. Bg5 a6 8.
Na3 b5 9. Bxf6 gxf6 10. Nd5 f5 11. Bd3 Be6 12. O-O Bxd5 13. exd5 Ne7 14. c4 {
[%csl Rb5] Nowardays much more popular is 14.c3. The move made by White proved
to be not enough for advantage and Black faced no problems after it. However,
the things are not so simple.} e4 (14... Bg7 $5 {This is an interesting
alternative, trying to delay the advance e5-e4.}) 15. Be2 Bg7 16. Qd2 bxc4 17.
Nxc4 O-O 18. Rad1 Rb8 19. Qf4 Qd7 $5 $146 (19... Rb5 {is considered enough to
keep the balance.} 20. Rd2 (20. b3 $6 Rxd5 $15) (20. f3 $5 Nxd5 (20... Rxd5 $2
21. fxe4 $16) 21. Qxd6 Qxd6 22. Nxd6 Rxb2 23. Rxd5 Rxe2 24. Nxf5 e3 $1 $13) (
20. Ne3 Rxb2 21. Bc4 Be5 22. Qg5+ Kh8 23. Bb3 Rg8 24. Qh5 Ng6 $40 {0-1 Novik,
M-Kramnik,V/Sochi 1990/(42)}) 20... Rxd5 21. Rxd5 Nxd5 22. Qxd6 {I didn't feel
like playing this position with almost no chances to win at all. Odjectively,
White is probably slightly better, so this position is not the dream of a
Sveshnikov player.}) 20. b3 (20. f3 Ng6 21. Qxd6 Qxd6 22. Nxd6 Rxb2 $36) 20...
Rfd8 (20... Rbd8 21. f3 $1 Ng6 22. Qe3 Rfe8 23. f4 $5 {The evaluation of this
position is important for the whole line with 19. ... Qd7. I think White might
be slightly better, but the position remains complicated.}) 21. g4 (21. Ne3 Kh8
$13) (21. f3 $5 Ng6 22. Qe3 (22. Qg5 Re8 23. fxe4 fxe4 $13) 22... Re8 23. fxe4
(23. f4 Ne7 {the chances are probably equal here.}) 23... fxe4 $13 24. Qg3 Rbd8
(24... Be5 $5 25. Nxe5 Rxe5 $13)) 21... Ng6 $1 (21... fxg4 22. Bxg4 f5 23. Bh3
$16) 22. Qxf5 Qxf5 23. gxf5 Nf4 24. Rd2 $13 {White is a pawn up, but Black has
good compensation first of all due to his strong Knight on f4.} (24. Bg4 $2 h5)
(24. Rfe1 $6 Bc3 25. Nd2 Kh8 $5 26. Bxa6 Rg8+ 27. Kf1 Ra8 28. Rxe4 Nh3 $44)
24... Bh6 (24... Bc3 {achieves nothing:} 25. Rc2) 25. Ne3 {A complicated
prosition which is not easy to evaluate exactly. I think White must be a bit
better, but the position requires additional analysis.} Kh8 (25... a5 $142 $44)
26. h4 $2 (26. Bxa6 {White should have taken the pawn. The following variation
shows that he can defend after that.} Rg8+ 27. Kh1 Rg7 (27... Nh3 28. Rc2 $1)
28. Rg1 Rxg1+ (28... Rbg8 29. Rg3 $1 (29. Rxg7)) 29. Kxg1 Rg8+ 30. Kf1 Nh3 31.
Ke1 $1 Rg1+ 32. Bf1 Nf4 33. Rc2 Nd3+ {and although Black still has some
initiative, it is hard to prove compensation for two pawns.}) 26... Rg8+ 27.
Kh2 (27. Kh1 $142) 27... Ng2 28. Rd4 (28. Bxa6 Nxh4 29. Be2 Nxf5 $17) 28...
Bxe3 29. fxe3 Nxe3 30. Rg1 Rxg1 (30... Rge8 $5 $13) 31. Kxg1 Nxf5 32. Ra4 $6 (
32. Rxe4 Ng3 33. Re7 Nxe2+ 34. Rxe2 Rb5 $15) 32... Rc8 33. Bc4 Kg7 (33... Nxh4
34. Rxa6 Nf5 35. a4 $13) 34. Rxa6 Kf6 35. Ra7 Ne3 $1 36. Rd7 Nxc4 37. bxc4 Rxc4
38. Kf2 Ke5 39. Rxf7 Kxd5 0-1

[Event "Goodricke op 12th"]
[Site "Kolkata"]
[Date "2001.02.11"]
[Round "6"]
[White "Shetty, Rahul"]
[Black "Reinderman, Dimitri"]
[Result "0-1"]
[WhiteElo "2331"]
[BlackElo "2539"]
[Annotator "Rogozenco,D"]
[PlyCount "118"]
[EventDate "2001.02.06"]
[EventType "swiss"]
[EventRounds "11"]
[EventCountry "IND"]
[SourceTitle "CBM 082"]
[Source "ChessBase"]
[SourceDate "2001.05.17"]
[SourceVersion "1"]
[SourceVersionDate "2001.05.17"]
[SourceQuality "1"]

1. e4 c5 2. Nf3 Nc6 3. d4 cxd4 4. Nxd4 Nf6 5. Nc3 e5 6. Ndb5 d6 7. Bg5 a6 8.
Na3 b5 9. Nd5 Be7 10. Bxf6 Bxf6 11. c3 O-O 12. Nc2 Rb8 13. h4 Be7 {This set-up
became quite popular lately. Black has an easy play and quite good chances to
equalize.} 14. a3 {As it is often the case in sucn positions, this move is
almost always universal and is good in almost all cases. It prepares Ncb4 and
it makes more difficult for Black to advance b5-b4 later. The obvious drawback
though, is refusing to play for a2-a4.} (14. Nce3 Be6 15. a3 Qd7 16. g4 $5 Bd8
17. g5 Ne7 18. Rg1 Bb6 19. Nxe7+ Qxe7 20. Nd5 Bxd5 21. Qxd5 Qb7 22. Rd1 Qxd5
23. Rxd5 f5 $14 {/=. 1/2-1/2 Borriss,M-Rogozenko,D/Magdeburg 1999/ (44)}) (14.
g3 Be6 15. Bg2 Qd7 16. Nce3 Bd8 17. O-O Ne7 18. Nxe7+ Qxe7 $11 19. Nf5 Qd7 20.
Qd2 $6 d5 $1 $36 {0-1 Mueller,K-Khalifman,A/Bundesliga 99/00 2000/ (63)}) (14.
Bd3 Be6 15. Nce3 Qd7 16. a4 Bd8 17. axb5 axb5 18. h5 Kh8 (18... Bg5 19. Qf3 h6
$11 {1/2-1/2 Nakamura,H-Keatinge Clay,A/Budapest 2000 (60)}) 19. Qf3 (19. Ra6
$142) 19... Bg5 20. Qg3 h6 21. O-O b4 22. Rfd1 bxc3 23. bxc3 Ne7 24. Bf1 Bxe3
25. Nxe3 f5 26. exf5 Nxf5 27. Nxf5 Bxf5 {1/2-1/2 Kengis,E-Schandorff,L/Aarhus
1997}) 14... a5 (14... Kh8 15. Bd3 (15. Nce3 Be6 16. Bd3 Qd7 17. g3 Bd8 18. Qh5
Ne7 19. O-O-O Bb6 20. Nxb6 Rxb6 21. f4 f6 22. fxe5 $6 dxe5 23. Bc4 $6 Qc6 24.
Bxe6 $2 Qxe4 $1 $17 {0-1 Cioara,A-Jianu,V/Bucharest2000/ (35)}) 15... Be6 16.
Ncb4 Nxb4 17. axb4 Ra8 18. Bc2 Ra7 19. g3 Qd7 $14 {/=. 1/2-1/2 Nisipeanu,
L-Rogozenko,D/Hamburg 1998/ (29)}) 15. g3 (15. Bd3 $142 {[%csl Rb5][%cal Gd1e2]
the best reaction to 15. ... a5 is often Bd3, followed by Qe2. In this
particular position nobody played it earlier, but there is not much theory in
this relatively new line 13. ... Be7.}) 15... Be6 16. Bg2 Qd7 17. O-O Bd8 18.
Nce3 Bb6 {Black finished his plan started with 13. ... Be7. The position is
equal.} (18... Ne7 $11 {See the above mentioned game Mueller-Khalifman,
Bundesliga 2000.}) 19. Nf5 {This move is a logical continuation of the set-up
with g2-g3. White opens the diagonal for his Bishop.} Bxf5 20. exf5 Ne7 21. f6
Nxd5 22. fxg7 Kxg7 23. Qxd5 $11 b4 {Also typical. The main goal of this move
is to secure square d4 for the Bishop.} 24. axb4 (24. cxb4 axb4 25. a4 Bd4 $11)
24... axb4 25. Rfd1 bxc3 26. bxc3 Rfd8 27. Rd3 (27. Rab1 $2 Bxf2+ $1 28. Kxf2
Rxb1 29. Rxb1 Qf5+ $19) 27... Bc5 28. Rad1 Qe6 29. Be4 Rb2 30. Rf3 Qxd5 31.
Bxd5 Rd7 32. Kg2 Ra7 33. g4 f6 34. g5 fxg5 35. hxg5 Re7 36. Kg3 e4 37. Re1 $2 (
37. Rf4 Re5 38. Rxe4 Rxg5+ 39. Kf4 $11) 37... Re5 38. Bxe4 Rxg5+ 39. Kf4 h6 40.
Rb1 Rxf2 41. Rb7+ Kf6 42. Rxf2 Bxf2 {Black won a pawn, but the position is
drawish anyway.} 43. Rh7 Bg3+ 44. Kf3 h5 45. Rh6+ Kg7 (45... Ke5 46. Rg6 {
is draw immediately.}) 46. Rh7+ Kg8 47. Rh6 Kf7 48. Rh7+ Kf6 49. Rh6+ Kf7 50.
Rh8 Ke7 51. Rh7+ Kd8 52. c4 Be5 53. Bd5 (53. Rh6 {/\54.Rg6=} Rg3+ 54. Kf2 Rg4
55. Bf3 Rxc4 56. Rxh5 $11) 53... Bf6 54. Kf4 Re5 55. Kf3 h4 56. Kf4 Be7 57. Kf3
Kc7 58. Rh6 Kb6 59. Kg2 Rg5+ {I don't know, maybe White lost on time. Anyway
it is clear that Black has more chances to win now than he has earlier,
although White should be able to keep the position.} 0-1

[Event "Bundesliga 0203"]
[Site "Germany"]
[Date "2003.03.31"]
[Round "15.4"]
[White "Berg, Emanuel"]
[Black "McShane, Luke J"]
[Result "0-1"]
[WhiteElo "2535"]
[BlackElo "2546"]
[Annotator "Rogozenco,D"]
[PlyCount "100"]
[EventDate "2002.10.19"]
[EventType "team-tourn"]
[EventRounds "15"]
[EventCountry "GER"]
[SourceTitle "CBM 095"]
[Source "ChessBase"]
[SourceDate "2003.07.25"]
[SourceVersion "1"]
[SourceVersionDate "2003.07.25"]
[SourceQuality "1"]
[WhiteTeam "Hamburger SK"]
[BlackTeam "Werder Bremen"]
[WhiteTeamCountry "GER"]
[BlackTeamCountry "GER"]

1. e4 c5 2. Nf3 Nc6 3. d4 cxd4 4. Nxd4 Nf6 5. Nc3 e5 6. Ndb5 d6 7. Bg5 a6 8.
Na3 b5 9. Bxf6 gxf6 10. Nd5 f5 11. g3 fxe4 12. Bg2 Be6 (12... Bf5 $2 13. f3 $1
$16) (12... f5 $4 13. Qh5+ $18) 13. Bxe4 Bg7 14. Qh5 {This ambitious opening
variation isn't dangerous for Black because White remains vulnerable in the
center and Black can exploit this fact by bringing his rook to c5.} (14. Nf6+
$6 Bxf6 15. Bxc6+ Ke7 16. Bxa8 Qxa8 $44) 14... Rc8 15. c3 Ne7 16. Rd1 Rc5 {
Most logical - to create pressure on d5.} (16... Nxd5 17. Bxd5 Qd7 {is the
alternative, also leading to equal positions.}) 17. Qg5 $6 {A strange decision,
all the more that Berg already played this line. 17.Qg5 leads to a pleasant
endgame for Black.} (17. Nb4 Qb6 18. Qg5 Kf8 19. Qe3 h5 (19... f5 20. Bg2 e4
$13) 20. O-O (20. Nxa6 $2 Bh6 $1 $19 (20... Qxa6 $4 21. Qxc5 dxc5 22. Rd8#))
20... f5 21. Nd5 Nxd5 22. Bxd5 Bxd5 23. Rxd5 Qc6 24. Rxc5 dxc5 25. Rd1 $13 {
1-0 Berg,E-Hellers,F/Sweden 2000 (38)}) 17... Nxd5 18. Qxg7 Qf6 19. Qxf6 Nxf6
20. Bb7 $6 (20. Bg2 Ke7 $15) 20... Ke7 $1 21. Bxa6 $6 Rb8 {Black has a big
advantage, since the bishop is trapped on a6. The interesting part is that all
this is well-known to be bad for White and the present game only confirms this
evaluation.} 22. O-O $146 (22. Bxb5 Rcxb5 23. Nxb5 Rxb5 24. b3 Ra5 25. c4 Rxa2
26. O-O Ra3 $19 {0-1 Andreescu,N-Zatonskih,A/Baile Herculane 1994 (59)}) 22...
Bd7 $17 23. Nc2 Nd5 24. Rd2 Rb6 25. f4 f6 26. fxe5 dxe5 27. Rfd1 Be6 28. Bxb5
Rbxb5 29. c4 Rxc4 30. Na3 Rcc5 31. Nxb5 Rxb5 32. Rc1 f5 33. Rc4 e4 34. a4 Ra5
35. b3 Kd6 36. Rdc2 Ne3 37. Rc6+ Kd5 38. R2c3 Kd4 39. Rxe3 Kxe3 40. Rxe6 Kf3
41. Rc6 Rd5 42. Rc1 e3 43. b4 f4 44. b5 e2 45. Rc3+ Rd3 46. Rxd3+ Ke4 47. Rb3
e1=Q+ 48. Kg2 Qe2+ 49. Kh3 Qh5+ 50. Kg2 f3+ 0-1

[Event "Tan Chin Nam Cup 7th"]
[Site "Shanghai"]
[Date "2001.07.11"]
[Round "3"]
[White "Bologan, Viktor"]
[Black "Ni, Hua"]
[Result "1/2-1/2"]
[WhiteElo "2655"]
[BlackElo "2528"]
[Annotator "Rogozenco,D"]
[PlyCount "83"]
[EventDate "2001.07.09"]
[EventType "tourn"]
[EventRounds "9"]
[EventCountry "CHN"]
[EventCategory "16"]
[SourceTitle "CBM 085"]
[Source "ChessBase"]
[SourceDate "2001.11.13"]
[SourceVersion "1"]
[SourceVersionDate "2001.11.13"]
[SourceQuality "1"]

1. e4 c5 2. Nf3 Nc6 3. d4 cxd4 4. Nxd4 Nf6 5. Nc3 e5 6. Ndb5 d6 7. Bg5 a6 8.
Na3 b5 9. Bxf6 gxf6 10. Nd5 f5 11. Bd3 Be6 12. O-O Bxd5 13. exd5 Ne7 14. c3 Qd7
15. Nc2 (15. Qh5 Rg8 $1 {White's play on the queenside is slower now and also
the exposed queen on h5 gives Black additional possibilities for attack (Rg5,
or Rg6-h6, or Ng6-f4).}) 15... Bg7 {This novelty is the right way. Starting an
attack with 15. ... Rg8 is probably wrong, as White can create threats on the
queenside very quick:} (15... Rg8 16. Re1 (16. a4 e4 17. Be2 f4 18. Kh1 (18. f3
$5 Qh3 19. Ne1 {and I don't see how can Black continue the attack.}) 18... Rg5
19. Nb4 (19. axb5 $5) 19... Bg7 20. Rg1 Be5 21. Bf1 (21. Nxa6) 21... Nf5 22. g3
f3 23. Bh3 Rh5 24. Bg4 Rg5 25. Bh3 Rh5 26. Bg4 Rg5 27. Bh3 {1/2-1/2 Gurevich,
V-Medvegy,N/Koszalin 1999}) 16... Bh6 17. a4 bxa4 18. Nb4 Kf8 19. Qxa4 Qd8 20.
Qa5 Qd7 21. Bb5 Qc8 22. Bxa6 Qc5 23. Qxc5 dxc5 24. Nd3 Nxd5 25. Nxe5 $18 {
1-0 Koglin,A-Lomineishvili,M/Dresden 1999/ (39)}) 16. a4 e4 17. Be2 O-O 18.
axb5 axb5 {Frankly speaking when I introduced the move 14. ... Qd7 in the
practice back in 1996, I considered this position unpleasant for Black. White
has opened the a-file and created a weakness on b5. Also important is that he
got square b4 for his knight.  Black must play very imaginative and combine
kingside attack with the advance b5-b4. In many cases he must be ready to sac
pawn b5.} 19. Qd2 (19. Nb4 Qb7 (19... Rxa1 20. Qxa1 Qb7 21. Qa6 $1)) 19... Qb7
20. Nb4 Ng6 21. Qe3 Rxa1 22. Rxa1 Ra8 23. Rd1 (23. Rxa8+ Qxa8 24. Bxb5 $2 Qa1+
25. Bf1 Qxb2 $17) 23... Kh8 $1 24. Bf1 (24. f3 $5) 24... Ne5 25. h3 Rg8 26. Qf4
(26. Ra1 Bf6 27. Qa7 Qc8 28. Nc6 f4 29. Nxe5 Bxe5 30. Qxf7 f3 31. g3 b4 $1 $44
(31... Qc5 $2 32. Ra7 $1 Rxg3+ 33. Kh1 $18) (31... e3 32. Qxf3 exf2+ 33. Qxf2
Rxg3+ 34. Bg2 b4 $44)) 26... Qc8 27. Kh1 (27. Bxb5 {Taking the pawn is the
most principled move.} Bf6 (27... Nf3+ 28. Kh1 Be5 29. Qe3 f4 (29... Nh4 30.
Rg1 {tactics don't work now:} f4 31. Qxe4 Rxg2 32. Rxg2 Qxh3+ 33. Rh2 {and
square f1 is protected by the bishop from b5.}) 30. Qxe4 Nh4 31. Rg1) (27...
Qc5 28. Be2 $1) 28. Qe3 Qf8 29. Kh1 {same position like in the game if White
would have taken 29.Bxb5.}) 27... Bf6 {/\Bg5} 28. Qe3 Qf8 29. Nc6 (29. Bxb5 Qg7
30. Bf1 Bg5 31. Qe2 $1 (31. Qb6 $2 f4 32. Qxd6 f3 33. g3 Bf4 $40) (31. Qd4 Bf6
32. Qb6 $140 Nc4 $1) 31... Qg6 {Black has compensation, but difficult to
evaluate exactly the position.}) 29... Qg7 30. Nxe5 Bxe5 31. f4 exf3 32. Qxf3
Rb8 33. Ra1 (33. Qxf5 Qg3 34. Kg1 Qe3+ 35. Kh1 Qg3 $11) 33... Qg5 34. Bd3 b4
35. Bxf5 bxc3 36. bxc3 Qg3 {The endgame is drawish.} 37. Qxg3 Bxg3 38. Kg1 Re8
39. Bg4 Re1+ 40. Rxe1 Bxe1 41. c4 Bb4 42. Kf2 1/2-1/2

[Event "Goodricke op 12th"]
[Site "Kolkata"]
[Date "2001.02.08"]
[Round "3"]
[White "Ganguly, Surya Shekhar"]
[Black "Garma, Chito"]
[Result "1-0"]
[WhiteElo "2456"]
[BlackElo "2400"]
[Annotator "Rogozenco,D"]
[PlyCount "135"]
[EventDate "2001.02.06"]
[EventType "swiss"]
[EventRounds "11"]
[EventCountry "IND"]
[SourceTitle "CBM 082"]
[Source "ChessBase"]
[SourceDate "2001.05.17"]
[SourceVersion "1"]
[SourceVersionDate "2001.05.17"]
[SourceQuality "1"]

1. e4 c5 2. Nf3 Nc6 3. d4 cxd4 4. Nxd4 Nf6 5. Nc3 e5 6. Ndb5 d6 7. Bg5 a6 8.
Na3 b5 9. Bxf6 gxf6 10. Nd5 Bg7 11. Bd3 Ne7 12. Nxe7 Qxe7 13. O-O f5 14. c4 O-O
15. Qf3 bxc4 16. Nxc4 d5 17. exd5 e4 18. Qe3 Bb7 19. Be2 $6 {Never played
before and unlikely it will be played in the future.} (19. Rfd1 Bxd5 20. Nb6
Rad8 21. Nxd5 Rxd5 22. Bxa6 Rxd1+ 23. Rxd1 Bxb2 24. Rd5 Qf6 25. Bc4 Rd8 26.
Rxd8+ {1/2-1/2 Svidler,P-Kramnik,V/Tilburg 1997}) ({The main and strongest
attempt to play for advantage is:} 19. d6 $1 Qf6 20. Bc2 f4 21. Qh3 Rac8 22.
Bb3 (22. b3 {leads to complicated positions as well.}) 22... Rc5 23. Rad1 Rg5
24. Rd2 Bd5 $2 (24... Rd8 $1 $13) 25. Nb6 Bxb3 26. Nd7 $1 $16 {1-0 Khalifman,
A-Lautier,J/Linares 1995/ (38)}) 19... Rad8 $2 {The d-pawn is White's main
trump and leaving it free willing on the board is madness.} (19... Bxd5 20. Nb6
Rad8 21. Nxd5 Rxd5 22. Bxa6 Bxb2 23. Rad1 {it is interesting to compare this
position with the one from the above mentioned game Svidler-Kramnik, Tilburg
1997. Comparing with that game Black is a tempi up and has a very pleasant
position, although it is probably close to equal anyway.} (23. Rab1 $11)) 20.
d6 Qf6 21. Qa7 (21. Rad1 f4 22. Qa7 Ba8 (22... f3 23. Bxf3 $1 exf3 24. Qxb7
fxg2 25. Qxg2 $18) 23. f3 {with a very big advantage for White.}) 21... Ba8 $2
{Incredible. Black clearly overestimated his position. The problem is that as
long as White has a well defended and advanced d-pawn, Black will never be
able to create his own threats, because he has to defend against further
advance of the d-pawn.} (21... Bd5 {Of course this move was necessary.} 22.
Qxa6 (22. d7 $2 Qe6 $1 $15 23. Nb6 $4 Bd4 $19) 22... Bxc4 23. Qxc4 Rxd6 24. b4
$16) 22. Qe7 (22. Rfd1 $142 f4 23. Bf1 $18) 22... Qh6 23. d7 (23. Rad1) (23.
Rfd1) 23... Qe6 $2 {Strange play by Black. Up to this moment his only goal
seemed to be creating an attack and now he goes for a lost endgame.
Objectively the position could have been lost anyway, but without Queens there
are no chances at all to create counterplay.} (23... Bc6 {Again he should've
tried to attack the d-pawn.}) 24. Qxe6 fxe6 25. Nb6 Bb7 26. Rfd1 Kf7 (26...
Bxb2 27. Rab1 Bf6 (27... Be5 $2 28. Nc4 $18) 28. Bc4 Kf7 29. Rd6 $18) 27. Rac1
$18 Be5 28. Bh5+ Ke7 29. Be8 {[#]} Rg8 (29... Rdxe8 30. dxe8=Q+ Rxe8 31. Rd7+
$18) 30. g3 f4 {As I mentioned earlier, with the pawn on d7 there are no
chances at all for Black to create real threats, especially after trading
Queens.} 31. Rc5 Bb8 32. Nc8+ Kf6 33. Nd6 Bd5 34. Rc8 e3 35. Rxd8 Bxd6 36. Rc8
Be7 37. fxe3 fxg3 38. hxg3 Rxg3+ 39. Kf2 Rg2+ 40. Kf1 Rxb2 41. Rd4 Rxa2 {
There was no need to continue playing this position.} 42. e4 Bb3 43. Rb8 Ke5
44. Rdb4 Bc2 45. d8=Q Bxd8 46. Rxd8 a5 47. Rb5+ Kf4 48. Bc6 a4 49. Rd2 a3 50.
Ra5 Ra1+ 51. Kf2 Bb3 52. Ba4 Bc4 53. Bb5 Bb3 54. Rd3 Rb1 55. Rxa3 Bc2 56. Rf3+
Kxe4 57. Bd3+ Bxd3 58. Raxd3 e5 59. Rfe3+ Kf4 60. Rd5 Rb2+ 61. Re2 Rxe2+ 62.
Kxe2 h5 63. Rd8 h4 64. Rh8 Kg3 65. Ke3 h3 66. Rg8+ Kh2 67. Ke4 Kh1 68. Kf3 1-0

[Event "HUN-ch 56th"]
[Site "Szekesfehervar"]
[Date "2006.03.06"]
[Round "6"]
[White "Almasi, Zoltan"]
[Black "Cao, Sang"]
[Result "1-0"]
[WhiteElo "2646"]
[BlackElo "2543"]
[Annotator "Rogozenco,D"]
[PlyCount "99"]
[EventDate "2006.03.01"]
[EventType "tourn"]
[EventRounds "9"]
[EventCountry "HUN"]
[EventCategory "13"]
[SourceTitle "CBM 112"]
[Source "ChessBase"]
[SourceDate "2006.06.07"]
[SourceVersion "1"]
[SourceVersionDate "2006.06.07"]
[SourceQuality "1"]

1. e4 c5 2. Nf3 Nc6 3. d4 cxd4 4. Nxd4 Nf6 5. Nc3 e5 6. Ndb5 d6 7. Bg5 a6 8.
Na3 b5 9. Nd5 Be7 10. Bxf6 Bxf6 11. c3 O-O 12. Nc2 Bg5 13. Be2 {Almasi simply
goes for an equal position, hoping to outplay his opponent later on. After
White's move Black can even save time and not play ...Rb8.} (13. a4 {is the
main continuation}) 13... Be6 14. O-O Ne7 15. Nce3 Rb8 (15... Bxe3 $1 16. Nxe3
d5 {forces White to go for further exchanges.} 17. exd5 (17. Qd3 d4 {[%cal
Ge6c4]} 18. cxd4 exd4 19. Nd5 Nxd5 20. exd5 Qxd5 (20... Bxd5 21. Qxd4 Qg5 $15)
21. Bf3 Qc4 $17) 17... Nxd5 18. Nxd5 Qxd5 19. Qxd5 Bxd5 20. a4 Bc4 $11) 16. Qd3
Bxe3 17. Nxe3 d5 (17... Qc7 $11) 18. Rfd1 dxe4 19. Qxe4 Qc7 20. Qb4 Rfc8 (20...
Rfd8 21. Rxd8+ Rxd8 22. a4 $14 a5 $140 23. Qa3 $1 (23. Qxb5 Rb8 $132)) ({
Black could achieve equality with} 20... a5 $1 21. Qd6 Qxd6 22. Rxd6 b4 $11 {
Then} 23. cxb4 (23. c4 Rfc8 $11) 23... Rxb4 ({After} 23... axb4 24. a4 bxa3 25.
bxa3 Ra8 26. a4 Ra5 27. Bb5 {White can claim some edge}) 24. b3 a4 $11) ({
A playable option was} 20... Rb6 {although White is slightly better after
taking control of the d-file with} 21. Rd2) 21. Qd6 $1 {The only way to create
some problems.} (21. Rd2 a5 $132) 21... Qxd6 22. Rxd6 a5 23. a3 g6 (23... b4
24. cxb4 axb4 25. a4 $14) 24. h3 (24. Ra6 $1) 24... h5 $2 {Not feeling the
danger.} ({It was still possible to solve successfully the problems with} 24...
b4 25. cxb4 axb4 26. a4 Nf5 {[%cal Gf5d4]} 27. Nxf5 gxf5 $5 $14 {/=}) ({
Also good enough was} 24... Rc5 {with the idea} 25. Ra6 b4 26. cxb4 axb4 27. a4
Nc6 $132 {[%cal Gc6d4]}) 25. Ra6 $1 b4 (25... a4 26. Rd1 $16) 26. Rxa5 bxc3 27.
bxc3 Rxc3 28. Rxe5 $16 {Almasi succeeded to win a pawn in a position that
looked completely equal. Now Black is in troubles.} Nc6 29. Rb5 Ra8 30. Bf3 Ra4
31. Nd1 Rc2 32. Nb2 Rd4 $2 {This is a square for the knight, while the rook
must have stayed on the a-file.} (32... Ra6 33. Nd3 ({or} 33. a4 Nd4) 33... Nd4
$16 {would have kept chances to save the game.}) 33. a4 Nb4 $6 {Only helps
White to improve the knight.} 34. Nd1 $18 Bd7 35. Rb8+ Kg7 36. a5 Bc6 (36...
Na6 37. Rb6 $18) 37. Ne3 Bxf3 38. Rxb4 Rxb4 39. Nxc2 Rb2 40. gxf3 Rxc2 41. a6
Rc8 42. a7 Ra8 43. Kg2 Kf6 44. Kg3 Ke5 (44... g5 45. f4 $18) 45. f4+ Ke4 46.
Ra4+ Kd3 47. Kh4 Ke2 48. Kg5 Kxf2 49. Ra3 h4 50. Kf6 1-0